| 000 -ლიდერი |
| ფიქსირებული სიგრძის საკონტროლო ველი |
01441nam a22002297a 4500 |
| 003 - საკონტროლო ნომრის იდენტიფიკატორი |
| საკონტროლო ველი |
Ge_BSU |
| 005 - ბოლო ოპერაციის თარიღი და დრო |
| საკონტროლო ველი |
20250801113845.0 |
| 008 - ფიქსირებული სიგრძის მონაცემთა ელემენტები - ზოგადი ინფორმაცია |
| ფიქსირებული სიგრძის საკონტროლო ველი |
250801s2018 ge ||||| |||| 00| 0 geo d |
| 020 ## - წიგნის საერთაშორისო სტანდარტული ნომერი |
| International Standard Book Number |
9789941417177 |
| 041 ## - ენის კოდი |
| Language code of text/sound track or separate title |
geo |
| 080 ## - უნივერსალური ათობითი კლასიფიკაციის ინდექსი |
| Universal Decimal Classification number |
316(479.22)(092 ნიკოლაძე, ნ.)+821.353.1-92 ბ-29 |
| 100 ## - მთავარი ჩანაწერი - პიროვნების სახელი |
| Personal name |
ბასილაძე, გიგა. |
| 9 (RLIN) |
25723 |
| 245 ## - ცნობა სათაურის შესახებ |
| Title |
ნიკო ნიკოლაძის ეროვნული კონცეფცია და მისი საზოგადოებრივ-პუბლიცისტური მოღვაწეობა XIX ს-ის 70-80-იან წლებში : |
| Remainder of title |
[მონოგრაფია] / |
| Statement of responsibility, etc |
გიგა ბასილაძე ; რედაქტორი ვლადიმერ წვერავა. |
| 264 ## - წარმოების, გამოცემის, დისტრიბუციის და სხვა ცნობები |
| გამოცემის, წარმოების, დისტრიბუციის... ადგილი |
ქუთაისი : |
| გამოცემის, წარმოების, დისტრიბუციის... სახელწოდება |
აკაკი წერეთლის სახელმწ. უნ-ტის გამ-ბა, |
| გამოცემის, წარმოების, დისტრიბუციის... თარიღი |
2018. |
| 300 ## - ფიზიკური აღწერა |
| Extent |
230 გვ. ; |
| Other physical details |
20 სმ. |
| 504 ## - BIBLIOGRAPHY, ETC. NOTE |
| Bibliography, etc |
ბიბლიოგრ.: გვ. 216-229. |
| 653 ## - INDEX TERM--UNCONTROLLED |
| Uncontrolled term |
ნიკოლაძე, ნიკო, 1843-1928. |
| 653 ## - INDEX TERM--UNCONTROLLED |
| Uncontrolled term |
ქართველი საზოგადო მოღვაწეები. ქართული პუბლიცისტიკა. |
| 700 ## - ADDED ENTRY--PERSONAL NAME |
| Personal name |
წვერავა, ვლადიმერ |
| Relator term |
რედაქტორი |
| 9 (RLIN) |
25724 |
| 773 ## - HOST ITEM ENTRY |
| Title |
ნაჩუქარი |
| 942 ## - ADDED ENTRY ELEMENTS (KOHA) |
| Source of classification or shelving scheme |
|
| Koha item type |
წიგნი |